| 000 | 00612cab a2200229 4500 | ||
|---|---|---|---|
| 001 | ABS36824 | ||
| 008 | 090401t1986 xxu||||| |||| 00| 0 eng d | ||
| 035 | _a(Sirsi) u490 | ||
| 041 | _aeng | ||
| 100 | _aEley, J. | ||
| 245 | _aProducts in practice: partitions , ceilings and raised floors | ||
| 260 | _c1986 | ||
| 350 | _a0 | ||
| 490 |
_aArchitects` Journal _vSupplement 24 September 1986 (64) |
||
| 650 | _aRAISED ACCESS FLOORS | ||
| 650 | _aSUSPENDED CEILINGS | ||
| 690 | _aBUILT ENVIRONMENT-CONSTRUCTION DESIGN | ||
| 700 | _aWhite, A. | ||
| 700 | _aHolgate, L. | ||
| 942 | _n0 | ||
| 948 | _c04/03/1997 | ||
| 999 |
_c218 _d218 |
||